Zapuzdrené prostredie pre spracovanie obrázkov na rozpoznávanie húb

Salvato in:
Dettagli Bibliografici
Autore principale: Modroczký, Viktor (Autore)
Altri autori: Nguyen Thu, Giang (Relatore della tesi)
Natura: Manoscritto Libro
Lingua:slovacco
Pubblicazione: 2022
Soggetti:
Accesso online:http://is.stuba.sk/zp/portal_zp.pl?podrobnosti=155086
Tags: Aggiungi Tag
Nessun Tag, puoi essere il primo ad aggiungerne!!

MARC

LEADER 00000ntm a22000003a 4500
001 stuzp88056
003 SK-STU
005 20220625210915.5
007 ta
008 150427s2015----xo-----f-mn---000-0-slo-d
040 |a STU  |b slo 
041 0 |a slo 
100 1 |a Modroczký, Viktor  |u 070200  |4 aut  |U FIIT Fakulta informatiky a informačných technológií  |T FIIT Ústav informatiky, informačných systémov a softvérového inžinierstva  |X 103060  |U I200  |Y 179  |7 103060 
242 0 1 |a Encapsulated Image Processing Environment for Fungi Recognition with a Web Application  |y eng 
245 1 0 |a Zapuzdrené prostredie pre spracovanie obrázkov na rozpoznávanie húb 
260 |c 2022 
650 4 |a hlboké učenie  |2 slo 
650 4 |a prenesené učenie  |2 slo 
650 4 |a konvolučná neurónová sieť  |2 slo 
650 4 |a trénovanie  |2 slo 
650 4 |a kontajner  |2 slo 
650 4 |a pipeline  |2 slo 
650 4 |a webová aplikácia  |2 slo 
650 4 |a transfer learning  |2 eng 
650 4 |a convolutional neural network  |2 eng 
650 4 |a deep learning  |2 eng 
650 4 |a training  |2 eng 
650 4 |a container  |2 eng 
650 4 |a pipeline  |2 eng 
650 4 |a web application  |2 eng 
700 1 |a Nguyen Thu, Giang  |u 070200  |k Z1  |4 ths  |U FIIT Fakulta informatiky a informačných technológií  |T FIIT Ústav informatiky, informačných systémov a softvérového inžinierstva  |X 90747  |U I200  |Y 179  |7 90747 
856 4 |u http://is.stuba.sk/zp/portal_zp.pl?podrobnosti=155086